| 000 | 00000nam##2200000za#4500 |
| 001 | 9.662427 |
| 003 | CaOODSP |
| 005 | 20210615120538 |
| 007 | ta |
| 008 | 150407|2002||||xxc||||| f|0| 0 eng|d |
| 020 | |a0-662-65428-5 |
| 040 | |aCaOODSP|beng |
| 041 | |aeng |
| 041 | |afre |
| 043 | |an-cn--- |
| 086 | 1 |aE2-210/2001 |
| 110 | 1 |aCanada.|bForeign Affairs and International Trade. |bCommunications Bureau. |
| 245 | 10|aCanadian diplomacy and the Korean War, 1950-1953 : |ba documentary perspective / |ccompiled by Greg Donaghy. |
| 260 | |aOttawa - Ontario : |bForeign Affairs and International Trade. |c2002. |
| 300 | |a23p. ; |c22 cm. |
| 563 | |aSoftcover |
| 590 | |a02-34|b2002-08-23 |
| 690 | 07|aHistory|2gcpds |
| 690 | 07|aWar|2gcpds |
| 690 | 07|aForeign service|2gcpds |
| 720 | 1 |aDonaghy, Greg |
| 792 | |tLa diplomatie canadienne pendant la guerre de Corée, 1950-1953 : |efre|w(CaOODSP)9.662428 |